000 00526nam a22001817a 4500
003 NUST
005 20260203143725.0
008 260203b ||||| |||| 00| 0 eng d
020 _a978-8123914923
082 _a944.081319
100 _aDayal, Raghubir.
_96693
245 _aA Textbook of Modern European History /
_cDayal, Raghubir.
250 _a2nd Edition
260 _aIndia:
_bCBS Publishers & Distributors Pvt Ltd,
_c2009.
300 _a599 p ;
_c7.87 x 5.51 x 1.57 inches
563 _aPaperback
942 _2ddc
_cBK
999 _c616067
_d616067